| 000 | 00779nam a2200253 i 4500 | ||
|---|---|---|---|
| 001 | bg | ||
| 100 | 1 | _aHERMANOWSKI, Jarosław A. | |
| 245 | 0 | 0 |
_aUmowy sprzedaży i dostawy w obrocie międzynarodowym / _cJarosław A. Hermanowski, Dariusz J. Jastrzębski. |
| 260 |
_aWarszawa : _b"ABC", _ccop.1999. |
||
| 300 |
_a443 s. ; _c24 cm. |
||
| 490 | 1 | _aPrzewodniki po Klauzulach Kontraktowych | |
| 504 | _aBibliogr. s. 441-443. | ||
| 650 | 9 |
_aUmowa _xhandel zagraniczny |
|
| 655 | _aPoradniki | ||
| 700 | 1 | _aJASTRZĘBSKI, Dariusz J. | |
| 830 | _aPrzewodniki po Klauzulach Kontraktowych | ||
| 020 | _a838791682X | ||
| 040 | _cBPK | ||
| 041 | 0 | _apl | |
| 080 | _a347.74:339.542](083) | ||
| 920 | _a83-87916-82-X | ||
| 942 | _cKS | ||
| 008 | s pl f |000 0 pol | ||
| 999 |
_c36426 _d36426 |
||
| 856 |
_uhttp://koha.tu.koszalin.pl/cgi-bin/koha/opac-detail.pl?biblionumber=36426 _yKatalog online BPK |
||